| 000 | 01070cad a22002175a 4500 | ||
|---|---|---|---|
| 001 | L137565 | ||
| 008 | 070416e20070410xxko f 000 0 eng d | ||
| 035 | _a(Sirsi) u137565 | ||
| 041 | 0 | _aeng | |
| 050 | 0 | 4 | _a306.1 $2 18 |
| 110 | 2 | _aHousing Corporation | |
| 245 | 0 | 0 |
_aDesign and quality strategy _h[electronic resource] |
| 260 |
_aLondon _bHousing Corporation _c2007 |
||
| 520 | _aSets out the importance of design and quality within the context of delivering the Corporation's overall objectives. States that the Corporation's Scheme Development Standards need to be looked at to respond to challenges such as sustainability, mixed communities and recognising the increasing roles of communities and tenants and the challenges of enforcement. | ||
| 590 | _aKA NTK | ||
| 650 | 2 | 4 |
_aAffordable housing _96215 |
| 651 | 4 |
_aEngland and Wales _y1543- |
|
| 690 | _aPROPERTY-RESIDENTIAL PROPERTY-RESIDENTIAL PROPERTY DEVELOPMENT | ||
| 856 | 4 | 0 |
_uhttps://www.housingcorp.gov.uk/server/show/nav.440 _zView the item free of charge at www.housingcorp.gov.uk... |
| 942 | _n0 | ||
| 999 |
_c106824 _d106824 |
||